Arte francés
Na minha lista:
| Autor principal: | |
|---|---|
| Formato: | Livro |
| Idioma: | espanhol |
| Publicado em: |
Barcelona
Labor
1931
|
| coleção: | Colección Labor. Sección Artes Plásticas, 281
|
| Assuntos: | |
| Tags: |
Adicionar Tag
Sem tags, seja o primeiro a adicionar uma tag!
|
MARC
| LEADER | 00000nam a2200000 a 4500 | ||
|---|---|---|---|
| 001 | UCZ1503 | ||
| 003 | CL-VaPUC | ||
| 008 | 950824e19310000SP |||||||||||||||||spa|d | ||
| 082 | 0 | 4 | |a 759.4 |b GUI |2 21 |
| 100 | |a Guinard, Paul |e author |9 445183 | ||
| 245 | 1 | 0 | |a Arte francés |
| 300 | |a 448 p | ||
| 942 | |c BK | ||
| 945 | |d 19950824 00:00:00 |a rbrito | ||
| 260 | |a Barcelona |b Labor |c 1931 | ||
| 650 | 0 | |a Arte francés |9 345069 | |
| 650 | 0 | |a Arquitectura francesa |9 345070 | |
| 650 | 0 | |a Pintura francesa |9 266122 | |
| 650 | 7 | |a ESCULTURA FRANCESA |2 CL-VaPUC |9 341225 | |
| 651 | 0 | |a Francia |9 255157 | |
| 583 | |a last modification |c 19950824 00:00:00 |k Rodrigo Vera | ||
| 490 | 0 | |a Colección Labor. Sección Artes Plásticas, 281 | |
| 999 | |c 238246 |d 238244 | ||
| 952 | |0 0 |1 0 |2 ddc |4 0 |6 759_400000000000000_GUI_1931 |7 0 |8 A |9 248281 |a BIBART |b BIBART |d 2019-11-18 |i 3106993 |o 759.4 GUI 1931 |p 3106993 |r 2019-11-18 |w 2019-11-18 |y BK |k ART | ||